Vẽ bề mặt phức tạp (Surface) và gia công khuôn với Pro engineer
Gespeichert in:
| 1. Verfasser: | |
|---|---|
| Weitere Verfasser: | |
| Format: | Buch |
| Sprache: | Vietnamese |
| Veröffentlicht: |
Hà Nội
từ điển Bách khoa
2013
|
| Schlagworte: | |
| Tags: |
Tag hinzufügen
Keine Tags, Fügen Sie den ersten Tag hinzu!
|
| Thư viện lưu trữ: | Trung tâm Học liệu Lê Vũ Hùng, Trường Đại học Đồng Tháp |
|---|
| LEADER | 00856aam a22002538a 4500 | ||
|---|---|---|---|
| 001 | 00040810 | ||
| 005 | 20180123080116.0 | ||
| 008 | 120403s2007 ||||||viesd | ||
| 020 | # | # | |c 86000 |
| 041 | 0 | # | |a vie |
| 082 | 1 | 4 | |a 621.8 |b V200B |
| 100 | 1 | # | |a Trương, Minh Trí |
| 245 | 1 | 0 | |a Vẽ bề mặt phức tạp (Surface) và gia công khuôn với Pro engineer |c Trương Minh Trí; Trần Tường Thụy |
| 260 | # | # | |a Hà Nội |b từ điển Bách khoa |c 2013 |
| 300 | # | # | |b hình vẽ |a 363 tr. |c 24 cm. |
| 653 | # | # | |a Cơ khí |
| 653 | # | # | |a Tin học |
| 653 | # | # | |a Thiết kế |
| 653 | # | # | |a Gia công |
| 653 | # | # | |a Phần mềm |
| 700 | 1 | # | |a Trần, Tường Thụy |
| 852 | # | # | |j KD.0023247 |
| 910 | |d 23/01/2018 | ||
| 980 | # | # | |a Trung tâm Học liệu Lê Vũ Hùng, Trường Đại học Đồng Tháp |